Most Democratic Countries - Statistics

General Stats
  • This quiz has been taken 5,794 times
    3,683 since last reset
  • The average score is 16 of 20
Answer Stats
Score/10 Country % Correct
8.11 United States
98%
9.08 Canada
95%
9.93 Norway
95%
9.73 Sweden
95%
8.31 United Kingdom
95%
9.03 Finland
94%
8.64 Germany
92%
9.11 Denmark
91%
9.01 Australia
89%
8.92 Netherlands
86%
9.09 Switzerland
86%
9.58 Iceland
85%
9.26 New Zealand
85%
8.54 Austria
82%
8.72 Ireland
82%
8.08 Japan
81%
8.88 Luxembourg
75%
8.39 Malta
42%
8.17 Uruguay
20%
8.17 Mauritius
7%
No matching quizzes found
Score Distribution
Percent of People with Each Score
Percentile by Number Answered
Your Score History
You have not taken this quiz since the last reset